Language Quiz

Random Language or Spanish Quiz

Spanish: Places Quiz Stats

 Plays Quiz Updated Feb 16, 2012

Challenge
Share
Tweet
Embed
Score 0/20 Timer 04:00
5 Plays Today
English Spanish % Correct
housela casa
94.1%
schoolla escuela
90.5%
libraryla biblioteca
84.6%
hospitalel hospital
81.4%
bankel banco
79%
restaurantel restaurante
77.8%
museumel museo
77.7%
theaterel teatro
72.7%
airportel aeropuerto
71.8%
churchla iglesia
68.8%
English Spanish % Correct
pharmacyla farmacia
66.9%
marketel mercado
62.1%
poolla piscina
58.9%
stadiumel estadio
58.8%
shoe storela zapatería
53.8%
book storela librería
45.7%
ice cream shopla heladería
36.2%
zooel parque zoológico
31.1%
bakeryla panadería
30.9%
hairdressersla peluquería
17.4%

You're not logged in!

Compare scores with friends on all Sporcle quizzes.
Join for Free
OR
Log In

You Might Also Like...

Show Comments

Extras

Top Quizzes Today


Score Distribution

Your Account Isn't Verified!

In order to create a playlist on Sporcle, you need to verify the email address you used during registration. Go to your Sporcle Settings to finish the process.

Report this User

Report this user for behavior that violates our Community Guidelines.

Details: